Score 0/10 Timer 01:00
1 Play Today
% Correct
Cherry Garcia
87.5%
Half Baked
80.1%
New York Super Fudge Chunk
79.7%
Phish Food
78.6%
Americone Dream
72.9%
Chocolate Therapy
65.4%
Cake Batter
60.2%
Red Velvet Cake
55.6%
Mint Chocolate Cookie
49.5%
Brewed to Matter
41.8%

Today's Daily Dose

Remove Ads.
Support Sporcle.
Get the best of Sporcle when you Go Orange. This ad-free experience offers more features, more stats, and more fun while also helping to support Sporcle. Thank you for becoming a member.

You're not logged in!

Compare scores with friends on all Sporcle quizzes.
OR
Log In

Show Comments

Extras

Top Quizzes Today


Score Distribution

Your Account Isn't Verified!

In order to create a playlist on Sporcle, you need to verify the email address you used during registration. Go to your Sporcle Settings to finish the process.

Report this User

Report this user for behavior that violates our Community Guidelines.

Details: